Biblioteca

The prophets and the rise of Judaism (Registro nro. 45419)

Detalles MARC
000 -LÍDER
Campo fijo de descripción fija 02014aam a2200349 i 4500
001 - NÚMERO DE CONTROL
Campo de control 768714001
003 - IDENTIFICADOR DEL NÚMERO DE CONTROL
Campo de control CO-MdFUSB
005 - FECHA Y HORA DE LA ULTIMA TRANSACCIÓN
control field 20220625062546.0
007 - CAMPO FIJO DE DESCRIPCIÓN FIJA--INFORMACIÓN GENERAL
Campo fijo de descripción fija ta
008 - ELEMENTOS DE LONGITUD FIJA -- INFORMACIÓN GENERAL
Campo fijo de descripción fija -- Información general 201216t1937 enk |||| |||| 00| 0 eng d
020 ## - NÚMERO INTERNACIONAL NORMALIZADO PARA LIBROS
Número Internacional Normalizado del libro [No incluye ISBN]
040 ## - FUENTE DE CATALOGACIÓN
Idioma de catalogación spa.
Agencia de catalogación original CO-MdFUSB
Agencia que realiza la transcripción CO-MdFUSB
Agencia que realiza la modificación CO-MdFUSBC
Convenciones de la descripción rda
041 ## - CÓDIGO DE IDIOMA
Código de idioma para texto/pista de sonido o título separado eng
082 ## - NÚMERO DE CLASIFICACIÓN DECIMAL DEWEY
Número de la edición del Dewey 23
Número de clasificación 296.1131
Clave de autor-Numero de item L824
100 1# - ASIENTO PRINCIPAL--NOMBRE PERSONAL
Nombre personal Lods, Adolphe
Término relacionador autor
245 #4 - TÍTULO
Título del Material The prophets and the rise of Judaism
Mención de responsabilidad, etc. / Adolphe Lods ; traducido por Samuel Henry Hooke
264 #1 - PRODUCCIÓN, PUBLICACIÓN, DISTRIBUCIÓN, MANUFACTURA, Y COPYRIGHT
Lugar de producción, publicación, distribución, manufactura London :
Nombre del productor, publicador, distribuidor Kegan Paul, Trench, Trubner
Fecha de producción, publicación, distribución, manufactura, o copyright [1937]
264 #4 - PRODUCCIÓN, PUBLICACIÓN, DISTRIBUCIÓN, MANUFACTURA, Y COPYRIGHT
Fecha de producción, publicación, distribución, manufactura, o copyright © 1937
300 ## - DESCRIPCIÓN FÍSICA
Extensión xxiv, 378 páginas
Dimensiones ; 24 cm
336 ## - TIPO DE CONTENIDO
Término de tipo de contenido texto
Código de tipo de contenido txt
Fuente rdacontent
337 ## - TIPO DE MEDIO
Fuente rdamedia
Nombre del tipo de medio sin mediación
Código del tipo de medio n
338 ## - TIPO DE SOPORTE
Fuente rdacarrier
Nombre del tipo de soporte volumen
Código Tipo de soporte nc
501 ## - NOTA DE “CON”
Nota de Contenido Pasta dura
505 ## - NOTA DE CONTENIDO
Nota de contenido con formato preestablecido La conquista asiria, fin del reino de Israel - Fin del reino de Judá - Características generales del movimiento profético - Los profetas de Israel en el siglo VIII - El movimiento profético en el reino de Judá en el siglo VIII - La vida religiosa en el reino de Judá en el siglo VII - La reforma de Josías - Los últimos años del reino de Judá - El exilio - Los judíos bajo el dominio persa - Los judíos bajo el dominio griego - La actitud religiosa de las masas en la época del exilio - La transformación de la profecía durante el exilio -<br/>El movimiento ritualista en la época del exilio - El primer siglo de la restauración, desaparición gradual de la profecía - Finalización de la redacción de la legislación sacerdotal, su adopción por el judaísmo del segundo siglo de la restauración - Pensamiento religioso, crecimiento de la teología sistemática - Pensamiento religioso, discusión de las doctrinas predominantes -<br/>Piedad.
563 ## - NOTA DE ENCUADERNACIÓN
Nota de encuadernación Tapa dura
630 #7 - TITULO UNIFORME
Título uniforme Biblia.
Nombre de parte o sección de la obra Profetas
Subdivisión de materia general Crítica, interpretación, etc.
650 #7 - ASIENTO SECUNDARIO DE MATERIA - TERMINO TEMÁTICO
Término temático o nombre geográfico como elemento de entrada Judaísmo
Subdivisión general Historia
Fuente del encabezamiento o término
9 (RLIN) 6884
700 ## - ASIENTO SECUNDARIO - NOMBRE PERSONAL
9 (RLIN) 3750
Nombre personal Hooke, S.H. (Samuel Henry)
Responsabilidad traductor
942 ## - TIPO DE MATERIAL (KOHA)
Tipo de Item KOHA Libros General
945 ## - INFORMACIÓN LOCAL DEL REGISTRO
Catalogador JTF-925
Existencias
Estado de Material Estado de Perdido Forma de Clasificación Estado de Dañado No para Préstamo Colección Tomo Biblioteca de Origen Biblioteca Permanente Fecha de Adquisición Área Total de Préstamos Signatura Topográfica Código de Barras Última vez visto Ejemplar/Existencia Fecha de Remplazo Tipo de Material
    Dewey Decimal Classification     Colección General   Biblioteca FUSBC Biblioteca FUSBC 16/12/2020 RELIGIÓN - RELIGIONES   G 296.1131 L824p 19070 04/12/2018 Ej. 1 26/01/2016 Libros General

Biblioteca FUSBC | Teléfono: (57+4) 349 88 10 Ext. 141| WhatsApp (+57) 3005338115 
E-mail: biblioteca@unisbc.edu.co | Calle 76 87-14 Robledo Palenque, Medellín, Colombia

Con tecnología Koha